Máy tính điện tử

Đã lưu trong:
Bibliografiske detaljer
Hovedforfatter: Nguyễn Quý Thường
Format: Bog
Sprog:Undetermined
Udgivet: Hà Nội ĐH và GDCN 1988
Tags: Tilføj Tag
Ingen Tags, Vær først til at tagge denne postø!
Thư viện lưu trữ: Trung tâm Học liệu Trường Đại học Cần Thơ
LEADER 00443nam a2200157Ia 4500
001 CTU_5053
008 210402s9999 xx 000 0 und d
082 |a 004 
082 |b Th561 
100 |a Nguyễn Quý Thường 
245 0 |a Máy tính điện tử 
245 0 |c Nguyễn Quý Thường 
260 |a Hà Nội 
260 |b ĐH và GDCN 
260 |c 1988 
980 |a Trung tâm Học liệu Trường Đại học Cần Thơ